| 000 | 00352nam a22001577a 4500 | ||
|---|---|---|---|
| 003 | OSt | ||
| 008 | 250519b |||||||| |||| 00| 0 eng d | ||
| 082 | _a294.392 ARV | ||
| 100 | _aArya Prakshan | ||
| 245 | _aVedic Bhajan Mala | ||
| 250 | _a15th | ||
| 260 |
_aNew Delhi _bArya Prakashan _c2015 |
||
| 300 | _a32 | ||
| 650 | _aGeneral | ||
| 942 |
_2ddc _cBK |
||
| 999 |
_c13588 _d13588 |
||